| 000 | 00962nam a2200289 a 4500 | ||
|---|---|---|---|
| 008 | |||
| 020 | _a9789381005392 (hbk. ) | ||
| 049 | _aMAIN | ||
| 090 |
_aLB1044.87 _bINT |
||
| 245 | 1 | 0 |
_aInternet resources in learning environment / _cedited by Anita Jain and Nirmal Kumar Swain. |
| 260 |
_aJaipur : _bRaj Publiching House, _c2012. |
||
| 300 |
_aiv, 272 p. : _bill. ; _c22 cm. |
||
| 500 | _aIncludes bibliographical references. | ||
| 650 | _aInternet in education | ||
| 650 | _aInformation storage and retrieval systems | ||
| 650 | _aEducational technology | ||
| 650 |
_aEducation, Higher _xComputer network resources |
||
| 650 |
_aEducation _xComputer network resources |
||
| 650 | _aDigital libraries | ||
| 700 | _aSwain, Nirmal Kumar. | ||
| 700 | _aJain, Anita. | ||
| 907 |
_a.b10335651 _b18-10-13 _c15-10-13 |
||
| 003 | |||
| 005 | 20230123122030.0 | ||
| 040 | _cNUST | ||
| 942 |
_cBOOKS _kLB1044.87 _mINT |
||
| 999 |
_c126637 _d126637 |
||